01743nam a2200361 a 4500001001200000003000800012006001900020007001500039008004100054010001700095020001500112020001800127040002100145035002100166043001200187050003000199082002200229110010000251245028000351260005800631300003600689504004100725533015200766610011000918650002601028651004501054655002901099710001701128730003901145730005401184856012601238999001701364ebr10225178CaPaEBRm u cr cn|||||||||080623s2008 dcua sb 000 0 eng d z 2008299533 z0309114926 z9780309114929 aCaPaEBRcCaPaEBR a(OCoLC)568512725 an-us---14aQB500.266.U6bN375 2008eb04a629.43/5409732222 aNational Research Council (U.S.).bCommittee on Assessing the Solar System Exploration Program.10aGrading NASA's solar system exploration programh[electronic resource] :ba midterm report /cCommittee on Assessing the Solar System Exploration Program, Space Studies Board, Division on Engineering and Physical Sciences, National Research Council of the National Academies. aWashington, D.C. :bNational Academies Press,cc2008. axii, 88 p. :bill. (some col.). aIncludes bibliographical references. aElectronic reproduction.bPalo Alto, Calif. :cebrary,d2013.nAvailable via World Wide Web.nAccess may be limited to ebrary affiliated libraries.10aUnited States.bOffice of Space Science and Applications.bSolar System Exploration DivisionxEvaluation. 0aPlanetsxExploration. 0aOuter spacexExplorationzUnited States. 7aElectronic books.2local2 aebrary, Inc.0 aNew frontiers in the Solar System.0 aAssessment of NASA's Mars architecture 2007-2016.40uhttp://site.ebrary.com/lib/rucke/Doc?id=10225178zAn electronic book accessible through the World Wide Web; click to view c40991d40991